| 000 | 01055nas a2200289 4500 | ||
|---|---|---|---|
| 001 | BR2013002650 | ||
| 003 | BR-BrBNA | ||
| 005 | 20231205122139.0 | ||
| 007 | ta | ||
| 008 | 230509b bl.|||p| |||| 00| 00por d | ||
| 040 |
_aBR-BrBNA _bpor _cBiblioteca Nacional de Agricultura |
||
| 041 | _a(Pt) | ||
| 072 | _aF06 | ||
| 100 | 1 | _aOliveira, C.F. de | |
| 100 | 1 | _aFrizzone, J.A. | |
| 100 | 1 | _aRettore Neto, O. | |
| 245 | 1 | _aFiltração de água com diferentes mesh e vazões com concentração de argila e silte em filtros de discos | |
| 246 | 1 | _aFiltration of the water with differents mesh and flow with clay and silt's concentrations in disc's filters | |
| 650 | _aIRRIGAÇÃO | ||
| 650 | _aFILTRAÇÃO | ||
| 650 | _aÁGUA | ||
| 650 | _aPERDA | ||
| 773 | 0 |
_tRevista Brasileira de Agricultura Irrigada (Brazil) _xISSN 1982-7679 _g(2011), v.5(1) p. 3-15 _wBR2013002650 |
|
| 856 | 4 | 0 | _uhttp://www.inovagri.com.br/wp-content/uploads/2011/03/V.5-n.1-p.03-15_Oliveira_et_al..pdf |
| 909 |
_a202311 _bLúcia _c55 _dLúcia Elande |
||
| 942 |
_2AGRIS _n0 _cANA |
||
| 999 |
_c227148 _d227148 |
||